Productividad, descomposición y mineralización en dos gramíneas de diferente palatabilidad nativas del Caldenal /

Guardado en:
Otros Autores: Moretto, Alicia S. (Disertante), Distel, Roberto Alejandro. (Orientador)
Formato: Manuscrito
Idioma:Spanish
Publicado: 2009.
Materias:
Acceso en línea:Texto completo
Etiquetas: Agregar Etiqueta
Sin Etiquetas, Sea el primero en etiquetar este registro!
LEADER 01191ntm a22002775a 4500
001 EEA.libagro009346
005 20150824095945.0
008 101215s2009####ag#a#####bm###000#0#spa#d
082 0 4 |a 040  |2 15 
100 1 |a Moretto, Alicia S.  |4 dis 
245 1 0 |a Productividad, descomposición y mineralización en dos gramíneas de diferente palatabilidad nativas del Caldenal /  |c Alicia S. Moretto. 
260 |c 2009. 
300 |a vi, 79 h. :  |b il. ;  |c 30 cm. 
500 |a Director de tesis: Roberto A. Distel. 
500 |a "Tesis de Doctorado en Ciencias Agrarias". 
502 |a Tesis (doctoral)--Universidad Nacional del Sur. Departamento de Agronomía, 2009. 
504 |a Incluye referencias bibliográficas (p. 71-79). 
530 |a Disponible también en formato digital. 
650 7 |a Plantas.  |2 unbist 
650 7 |a Fitoecología.  |2 unbist 
650 7 |a Pastizales.  |2 unbist 
650 7 |a Productividad.  |2 unbist 
700 1 |a Distel, Roberto Alejandro.  |4 ths 
710 2 |a Universidad Nacional del Sur.  |b Departamento de Agronomía  |4 dgg. 
856 |u http://repositoriodigital.uns.edu.ar/handle/123456789/2101  |3 Texto completo 
859 |a AR-BbBCA  |b BIB. AGRONOMIA  |h 040  |i B148 2009-990m  |p 121881/010